[Event "DSOL 2022"]
[Site "Germany"]
[Date "2022.04.07"]
[Round "7.1"]
[White "Kneip, Jakob"]
[Black "Mueller, Lukas"]
[Result "0-1"]
[WhiteElo "1628"]
[BlackElo "1943"]
[Annotator "TA"]
[PlyCount "124"]
[EventDate "2022.01.31"]
[EventType "team-tourn"]
[EventCountry "GER"]
[SourceTitle "playchess.com"]
[Source "ChessBase"]
[SourceQuality "1"]
[WhiteTeam "MSA Zugzwang"]
[BlackTeam "TV Fischbek"]
[TimeControl "2700+15"]

{[%evp 36,124,-256,-322,-302,-294,-298,-328,-287,-420,-425,-716,-740,-705,-685,-622,-444,-489,-487,-482,-451,-470,-455,-425,-259,-302,-306,-349,-343,-479,-479,-474,-402,-479,-479,-479,-479,-659,-540,-538,-529,-500,-380,-451,-380,-380,-368,-365,-343,-660,-616,-763,-607,-1087,-894,-1133,-1121,-1090,-1049,-1149,-1046,-993,-709,-5700,-4722,-6178,-6178,-6170,-1961,-6170,-391,-6170,-6170,-6170,-6170,-6170,-6170,-6170,-6166,-6158,-6137,-6086,-5800,-5800,-5614,-5614,-5600,-5583,-5407,-783,-724]} 1. e4 d6 2. d4 Nf6 3. Nc3 e5 4. Nf3 exd4 5. Nxd4 Be7 6. Bc4 O-O 7. O-O a5 8. Re1 a4 9. a3 Nc6 10. Bf4 Ne5 11. Bf1 Bg4 12. Qc1 Ng6 13. Bd2 Re8 14. h3 Bd7 15. f4 d5 16. e5 Nh5 17. g4 Nh4 18. Bg2 Bc5 19. Nce2 Bxd4+ 20. Nxd4 Nxg2 21. Kxg2 Qh4 22. Ne2 (22. gxh5 $142 Bxh3+ 23. Kh2 Bg4+ 24. Kg2 Qh3+ 25. Kg1 Qg3+ 26. Kh1) 22... d4 23. Rg1 (23. gxh5 $2 {gets mated.} Bc6+ 24. Kg1 Qxh3 25. Nxd4 Qg2#) (23. Rh1 $142 Bc6+ 24. Kg1) 23... Bc6+ $19 24. Kf1 Qxh3+ 25. Ke1 Bf3 26. gxh5 Qh2 27. Qd1 Bxe2 28. Rxg7+ Kxg7 29. Qxe2 Qxe2+ 30. Kxe2 f6 31. Rg1+ Kf7 32. h6 Rg8 33. Re1 fxe5 34. fxe5 Rg2+ 35. Kd3 Ke6 36. Bb4 Rag8 37. Kxd4 Rxc2 38. Bc3 Rg6 39. Rh1 Re2 40. Kc5 Reg2 41. Kb5 Rg1 42. Rh5 $2 (42. Rh3) 42... R6g4 $19 43. Bb4 Re4 44. Bc3 Rd1 45. Bb4 Rxe5+ 46. Rxe5+ Kxe5 47. Kxa4 Rh1 48. Bf8 Kd5 49. Kb5 Rh2 50. b4 Rh3 51. a4 Rh5 (51... Kd4 $142 52. Bg7+ Kd3) 52. a5 Ke4+ $2 (52... Kd4+ 53. Ka4 Kc4) 53. Ka4 $2 (53. Kc4) 53... c6 $19 54. Kb3 Kd3 55. Bg7 Rh1 56. Bf8 Rb1+ 57. Ka4 Kc4 58. Ka3 Rb3+ 59. Ka4 Rf3 60. Bg7 Rf2 61. Ka3 Kb5 62. Kb3 Rf3+ 0-1

[Event "DSOL 2022"]
[Site "Germany"]
[Date "2022.04.07"]
[Round "7.1"]
[White "Riechenberg, Maximilian"]
[Black "Mueller, Milo"]
[Result "1/2-1/2"]
[WhiteElo "1608"]
[BlackElo "1817"]
[Annotator "NA RC"]
[PlyCount "69"]
[EventDate "2022.01.31"]
[EventType "team-tourn"]
[EventCountry "GER"]
[SourceTitle "playchess.com"]
[Source "ChessBase"]
[SourceQuality "1"]
[WhiteTeam "SV Erkenschwick II"]
[BlackTeam "SC Windischeschenbach"]
[TimeControl "2700+15"]

1. e4 c5 2. c4 g6 3. Nc3 Bg7 4. g3 Nc6 5. Bg2 d6 6. Nge2 Nf6 7. O-O {7.d3 injects fresh life into this line.} O-O 8. d3 Ne8 9. Bd2 Nc7 10. f4 Ne6 {[#]} 11. a3 $146 ({Predecessor:} 11. Rb1 Ned4 12. h3 Rb8 13. Be3 a6 14. Kh2 b5 15. Bxd4 cxd4 16. e5 Na5 17. Nxd4 dxe5 {0-1 (40) Orel,A-Borisek,J (2189) Maribor 2001}) 11... a6 12. Rb1 Ned4 13. b4 Nxe2+ 14. Nxe2 Nd4 15. Nxd4 Bxd4+ 16. Kh1 Rb8 17. b5 axb5 18. cxb5 b6 19. f5 Bg7 20. g4 e6 21. Qc1 Qh4 22. h3 $15 (22. Bf4 $11) 22... Be5 23. Bf4 Bxf4 24. Qxf4 e5 25. Qd2 f6 26. a4 Qg5 27. Qa2+ Kg7 28. a5 bxa5 29. Qxa5 Rf7 30. Rb2 Qe3 31. Qc3 g5 32. Rfb1 Rfb7 33. Qc4 Qd4 34. Ra2 Bd7 35. Rab2 1/2-1/2

[Event "DSOL 2022"]
[Site "Germany"]
[Date "2022.04.07"]
[Round "7.1"]
[White "Gustain, Marc"]
[Black "Voicu-Jagodzinsky, Carmen"]
[Result "0-1"]
[WhiteElo "1525"]
[BlackElo "1684"]
[Annotator "NA RC"]
[PlyCount "118"]
[EventDate "2022.01.31"]
[EventType "team-tourn"]
[EventCountry "GER"]
[SourceTitle "playchess.com"]
[Source "ChessBase"]
[SourceQuality "1"]
[WhiteTeam "SF Deizisau II"]
[BlackTeam "SV Hemer"]
[TimeControl "2700+15"]

1. e4 c5 2. Nf3 Nf6 3. e5 Nd5 4. Nc3 Nxc3 5. bxc3 Nc6 6. d4 d5 7. exd6 Qxd6 8. Be3 Bg4 9. Be2 e6 10. O-O Rd8 11. dxc5 Qc7 12. Qc1 Be7 13. Rb1 O-O 14. h3 Bh5 15. Qb2 Rd7 16. Rfe1 e5 17. Nd2 Bxe2 18. Rxe2 f5 19. f3 Na5 20. Qb4 Rfd8 21. Nc4 Nc6 22. Qb3 Kh8 23. Bf2 h6 24. Rbe1 Rd1 25. Ne3 Rxe1+ 26. Rxe1 Bxc5 27. Nxf5 Bxf2+ 28. Kxf2 Rd2+ 29. Re2 Qd7 30. Ne3 Nd8 31. Nc4 Rxe2+ 32. Kxe2 Ne6 33. g3 e4 34. fxe4 Ng5 35. Nd2 Qxh3 36. Qxb7 Qg2+ 37. Kd3 Qxg3+ 38. Kc4 Qd6 39. Qc8+ Kh7 40. Qf5+ g6 41. Qd5 Qa6+ 42. Kb3 Qb6+ 43. Kc4 Qc7+ 44. Kb3 Nf7 45. Nc4 h5 46. e5 Ng5 47. Nd6 Qb6+ 48. Kc4 h4 49. e6 Qc7+ 50. Kd4 Qe7 51. Ke5 Kg7 52. Qb7 Qxb7 53. Nxb7 h3 54. e7 Kf7 55. Kd6 Ne4+ 56. Kd7 Nf6+ 57. Kd8 h2 58. Nd6+ Ke6 59. Ne4 h1=Q 0-1

[Event "DSOL 2022"]
[Site "Germany"]
[Date "2022.04.07"]
[Round "7.2"]
[White "Gerland, Felix"]
[Black "Fieberg, Samuel"]
[Result "1-0"]
[WhiteElo "1932"]
[BlackElo "1655"]
[Annotator "TA"]
[PlyCount "141"]
[EventDate "2022.01.31"]
[EventType "team-tourn"]
[EventCountry "GER"]
[SourceTitle "playchess.com"]
[Source "ChessBase"]
[SourceQuality "1"]
[WhiteTeam "SK Rinteln I"]
[BlackTeam "SG Porz I"]
[TimeControl "2700+15"]

{[%evp 54,141,146,145,158,155,144,158,221,206,281,268,392,388,398,375,370,363,352,369,453,439,433,436,454,454,453,451,452,440,435,432,431,406,531,531,525,519,530,513,509,476,458,303,303,303,296,106,106,106,303,303,275,106,106,106,106,106,106,106,289,242,259,208,5708,4662,1049,580,29978,29980,29981,29978,29980,29973,29973,29974,29975,29976,29976,29977,29977,29978,29978,29979,29978,29979,29979,29980,29979,29979]} 1. c4 c6 2. Nf3 d5 3. b3 Nf6 4. Bb2 e6 5. g3 Bd6 6. Bg2 Nbd7 7. d4 b5 8. Nbd2 a5 9. O-O a4 10. c5 Bc7 11. b4 Qe7 12. Ne5 Bb7 13. Qc2 h5 14. h4 Ng4 15. Ndf3 Ndxe5 16. dxe5 f6 17. exf6 gxf6 18. e4 Qh7 19. Nd4 e5 20. exd5 Qxc2 21. Nxc2 cxd5 22. Rad1 O-O-O 23. Rd2 Rh7 24. Rfd1 Rhd7 25. Na3 Bc6 26. Bf1 e4 27. Bd4 e3 28. Bxe3 Nxe3 29. fxe3 Bxg3 30. Bxb5 Bxb5 (30... Kc7 $16 {keeps fighting.} 31. Bxc6 Kxc6) 31. Nxb5 $18 Bxh4 32. Nd6+ Rxd6 (32... Kc7 $142 33. Rxd5 Rg7+ 34. Kh1 Kb8 35. Rxh5 Bf2) 33. cxd6 $18 Rxd6 34. Rxd5 Re6 35. R1d3 Bg5 36. Kf2 Re4 37. a3 h4 38. Kf3 Re7 39. Ra5 Rh7 40. Rxa4 h3 41. Rd1 h2 42. Rh1 Rh3+ 43. Kg4 Rxe3 44. Rxh2 Kb7 45. Ra5 Rb3 46. Rh3 Rb1 47. Rf3 Kb6 48. Rxg5 fxg5 49. Kxg5 Kb5 50. Kf4 $2 (50. Rf5+ $18 Kb6 51. Kf4) 50... Ka4 $16 51. Ke4 Rd1 $2 (51... Rg1 $16) 52. Rd3 $1 $18 Rc1 {[#]} 53. Kd4 $2 (53. Ke5 $1 $18) 53... Rc8 $16 54. Rc3 Rd8+ 55. Ke3 Rh8 56. Rd3 Rh2 $2 {[#]} (56... Rh4 $16 {was necessary.}) 57. Kd4 $1 $18 Rh5 58. Kc4 Rh3 $2 (58... Rh1 59. Kc5 Rc1+ 60. Kb6 Rc6+ 61. Kb7 Rb6+ 62. Kc7 Rc6+ 63. Kd7 Rh6) 59. Rd5 Rh4+ 60. Kc5 Kxa3 61. b5 Rh1 62. Rd4 Kb3 63. Kb6 Kc3 64. Rg4 Kd3 65. Ka6 Ra1+ 66. Kb7 Rb1 67. b6 Rb2 68. Kc7 Rc2+ 69. Kb8 Rb2 70. b7 Rb1 71. Ra4 1-0

[Event "DSOL 2022"]
[Site "Germany"]
[Date "2022.04.07"]
[Round "7.2"]
[White "De Albuquerque Mello Pereira, Felipe"]
[Black "Brandt, Carina"]
[Result "1-0"]
[WhiteElo "1927"]
[BlackElo "1574"]
[Annotator "TA"]
[PlyCount "77"]
[EventDate "2022.01.31"]
[EventType "team-tourn"]
[EventCountry "GER"]
[SourceTitle "playchess.com"]
[Source "ChessBase"]
[SourceQuality "1"]
[TimeControl "2700+15"]

{[%evp 20,76,50,35,83,74,106,100,102,96,120,106,118,84,127,127,154,153,152,156,172,122,234,248,526,400,398,387,382,370,431,483,435,478,571,442,606,589,575,560,729,712,676,673,1258,1181,1293,1267,29983,29984,29988,29989,29989,29990,29990,29991,29998,29999,29999]} 1. d4 Nf6 2. c4 g6 3. Nc3 Bg7 4. e4 d6 5. Nf3 {[%cal Bg1f3,Bf3d2,Bd2c4][%mdl 32]} O-O 6. Be2 e5 7. Be3 Nc6 8. d5 Ne7 9. Nd2 Ne8 10. f3 f5 11. c5 Rf7 {E92: King's Indian: Classical: 6 Be2 e5: 7 dxe5, 7 Be3 and Petrosian System without 7...Nbd7.} (11... c6 $14) 12. b4 f4 13. Bf2 g5 {White is better.} 14. Nc4 Bf8 15. a4 {&Bianco is more active.} Ng6 16. Qb3 {[#]} g4 $146 ({Predecessor:} 16... h5 17. a5 g4 18. cxd6 Nxd6 19. Rc1 Nh4 20. Rg1 Nxc4 21. Qxc4 Bd6 22. Na4 Qe7 {1-0 (62) Gray,E (1994)-Carroll,P (1563) Dundee 2017}) 17. fxg4 Nh4 18. Bf3 Qg5 19. h3 h5 20. gxh5 (20. O-O-O $18) 20... Ng7 (20... Rg7 $16 {was called for.} 21. Ke2 b6 22. cxd6 (22. cxb6 Nxf3 23. gxf3 axb6 $16) 22... cxd6) 21. cxd6 $18 Nxg2+ $2 {[#]} (21... cxd6 22. Nb5 Nxh5 23. Ncxd6 Bxd6) 22. Bxg2 Qxg2 23. Rg1 Qxh3 24. Nxe5 Bxd6 25. Nxf7 Kxf7 26. O-O-O a5 27. b5 Bg4 28. Bd4 Nxh5 29. Rde1 Ng3 30. e5 {[%cal Be4e5,Be5e6][%mdl 32]} Bb4 31. e6+ Ke7 32. Qc4 Bd6 33. Bc5 {[#] Bxd6+ would kill now.} Nf5 34. Bxd6+ {White mates.} cxd6 35. Qc7+ Kf6 36. Qf7+ Kg5 37. Ne4+ Kh4 38. Qf6+ Kh5 39. Qg5# {Weighted Error Value: White=0.15 (very precise) /Black=0.76} 1-0

[Event "DSOL 2022"]
[Site "Germany"]
[Date "2022.04.04"]
[Round "7.2"]
[White "Akingboye, Michael"]
[Black "Meyling, Lennart"]
[Result "1-0"]
[WhiteElo "1847"]
[BlackElo "1619"]
[Annotator "NA RC"]
[PlyCount "63"]
[EventDate "2022.01.31"]
[EventType "team-tourn"]
[EventCountry "GER"]
[SourceTitle "playchess.com"]
[Source "ChessBase"]
[SourceQuality "1"]
[WhiteTeam "SF Brand"]
[BlackTeam "Hamburger SK I"]
[TimeControl "2700+15"]

1. d4 e5 2. dxe5 Nc6 3. Nf3 Qe7 4. Bf4 Qb4+ 5. Bd2 Qxb2 6. Nc3 Bb4 7. Rb1 Qa3 8. Nd5 Bxd2+ 9. Qxd2 Kd8 10. e4 Nge7 11. Bc4 Na5 12. Bb3 Nxb3 13. Rxb3 Qa6 14. Ng5 Qg6 15. O-O h6 16. Nf3 Qxe4 17. Nxe7 Kxe7 18. Re1 Qa4 19. Qc3 b6 20. e6 dxe6 21. Qxg7 Bb7 22. Ne5 Rhg8 23. Qxf7+ Kd6 24. Rd3+ Bd5 25. g3 Raf8 26. Qh7 Rh8 27. Nf7+ Rxf7 28. Qxf7 Qxc2 29. Qxe6+ Kc5 30. Qxd5+ Kb4 31. Re4+ Qc4 32. Rxc4# 1-0

[Event "DSOL 2022"]
[Site "Germany"]
[Date "2022.04.04"]
[Round "7.2"]
[White "Dunsbach, Ralf"]
[Black "Belezky, Alexander"]
[Result "0-1"]
[WhiteElo "1822"]
[BlackElo "1708"]
[Annotator "NA RC"]
[PlyCount "66"]
[EventDate "2022.01.31"]
[EventType "team-tourn"]
[EventCountry "GER"]
[SourceTitle "playchess.com"]
[Source "ChessBase"]
[SourceQuality "1"]
[WhiteTeam "SK Bad Homburg I"]
[BlackTeam "Bayern München I"]
[TimeControl "2700+15"]

1. d4 Nf6 2. c4 e6 3. g3 Bb4+ 4. Bd2 Qe7 5. Nf3 Nc6 6. Bg2 Bxd2+ 7. Qxd2 Ne4 8. Qc2 Qb4+ 9. Nbd2 Nxd2 10. Qxd2 Qxc4 11. O-O Qb4 12. Qc2 d5 13. a3 Nxd4 14. Nxd4 Qxd4 15. Qxc7 O-O 16. b4 Qb6 17. Rac1 Qa6 18. e4 dxe4 19. Bxe4 Qxa3 20. Qc5 a5 21. Bxh7+ Kxh7 22. Qxf8 Qxb4 23. Qd8 a4 24. Rxc8 Ra6 25. Qg8+ Kg6 26. Rc7 Qb2 27. Qxf7+ Kh6 28. Rc8 g6 29. Rg8 e5 30. Rh8+ Kg5 31. h4+ Kg4 32. Kg2 Qb3 33. Qxg6+ Rxg6 0-1

[Event "DSOL 2022"]
[Site "Germany"]
[Date "2022.04.07"]
[Round "7.2"]
[White "Denz, Johannes"]
[Black "Schulze Bisping, Franz-Adolf"]
[Result "1-0"]
[WhiteElo "1789"]
[BlackElo "1646"]
[Annotator "NA RC"]
[PlyCount "73"]
[EventDate "2022.01.31"]
[EventType "team-tourn"]
[EventCountry "GER"]
[SourceTitle "playchess.com"]
[Source "ChessBase"]
[SourceQuality "1"]
[TimeControl "2700+15"]

1. e4 e6 2. Nf3 d5 3. Nc3 Nf6 4. e5 Nfd7 5. d4 c5 6. Bg5 Qb6 7. dxc5 Bxc5 8. Qd2 h6 9. Bh4 Nc6 10. Na4 Qb4 11. Nxc5 Qxd2+ 12. Kxd2 Nxc5 13. Bb5 Bd7 14. Bxc6 bxc6 15. Nd4 Ne4+ 16. Ke3 f5 17. f3 Ng5 18. Nb3 Nf7 19. Kd4 Rb8 20. c3 g5 21. Bf2 h5 22. Rab1 f4 23. Nc5 Nh6 24. h4 g4 25. b4 Rg8 26. Kd3 Ke7 27. a4 Be8 28. Kd2 Bg6 29. Rb2 Be8 30. Nd3 gxf3 31. gxf3 Kd7 32. Bxa7 Ra8 33. Bf2 Nf5 34. a5 Rg2 35. Ke1 Ng3 36. Rg1 Rxg1+ 37. Bxg1 1-0

[Event "DSOL 2022"]
[Site "Germany"]
[Date "2022.04.04"]
[Round "7.2"]
[White "Bogomolow, Sergej"]
[Black "Nguyen Luu, Truong-Son"]
[Result "0-1"]
[WhiteElo "1657"]
[BlackElo "1539"]
[Annotator "TA"]
[PlyCount "70"]
[EventDate "2022.01.31"]
[EventType "team-tourn"]
[EventCountry "GER"]
[SourceTitle "playchess.com"]
[Source "ChessBase"]
[SourceQuality "1"]
[WhiteTeam "Post SV Uelzen"]
[BlackTeam "SK Zehlendorf II"]

{[%evp 11,70,13,39,29,51,62,143,125,219,215,181,19,26,0,0,-74,-98,-88,-103,-65,-75,-66,60,67,70,68,64,57,63,67,84,6,13,16,74,71,66,60,65,52,52,47,79,54,54,63,52,67,75,0,0,0,0,0,0,2,-20,-12835,-12834,-29993,-29994]} 1. e4 c5 2. Nf3 e6 3. d4 cxd4 4. Nxd4 a6 5. Nc3 Qc7 6. Be2 Bb4 7. O-O {B43: Sicilian: Kan Variation: 5 Nc3.} Bxc3 8. bxc3 Qxc3 (8... Nf6 $14) 9. Rb1 $16 {White is clearly better.} Nf6 (9... Ne7 $16) 10. Rb3 $18 Qc7 {[#]} 11. Re3 $146 (11. Ba3 $18) ({Predecessor:} 11. Rg3 Nxe4 12. Rxg7 Qe5 13. Rg4 h5 14. Nf3 Qd5 15. Qxd5 exd5 16. Rf4 d6 17. Bb2 {½-½ (48) Matejovic,J (2203)-Maslikova,V (2234) Slovakia 2014}) 11... d6 $1 $11 12. Ba3 {[%cal Od4f5]} (12. Rg3 {with more complications.} O-O 13. Bh6 Ne8 14. Qd2) 12... O-O $1 13. Nxe6 Bxe6 $17 14. Bxd6 Qc8 {[#] Hoping for ...Rd8.} 15. Bxf8 Qxf8 16. e5 Nd5 (16... Nfd7 $1 $15 17. Qd6 Nc6) 17. Rd3 $1 $14 {Bf3 is the strong threat.} Nc6 $1 {Strongly threatening ...Nf4.} 18. Rxd5 Bxd5 19. Qxd5 Rd8 20. Qe4 {[%cal Oe2a6]} Rd4 21. Qf5 (21. Qe3 $16) 21... g6 22. Qf6 {[%cal Oe2a6]} Re4 {[#]} (22... Qg7 $11) 23. Bxa6 $1 $16 Qb4 24. a3 Qb6 25. Bd3 Rxe5 {[%cal Be4e5,Be5f5,Bf5f6][%mdl 32]} 26. Bc4 Qc7 27. Rd1 Rf5 28. Qd6 $40 {[%mdl 128] White has some attack.} Qb6 29. Rf1 Qb2 30. g4 (30. Re1 $16 {White wants to mate with Re8+.} Kg7 31. Re8 Qc1+ 32. Bf1) 30... Rf6 $11 31. Qc5 Ne5 32. Bd5 {Against Rc6} b6 33. Qc8+ Kg7 {Threatens to win with ...Qd4.} 34. Re1 $2 {[%mdl 8192]} (34. h3 $11) 34... Qd4 $19 35. Re2 Qd1+ {Weighted Error Value: White=0.72/Black=0.21 (precise)} 0-1

[Event "DSOL 2022"]
[Site "Germany"]
[Date "2022.04.04"]
[Round "7.2"]
[White "Gehringer, Frank"]
[Black "Hagenbach, Udo"]
[Result "1/2-1/2"]
[WhiteElo "1649"]
[BlackElo "1779"]
[Annotator "NA RC"]
[PlyCount "28"]
[EventDate "2022.01.31"]
[EventType "team-tourn"]
[EventCountry "GER"]
[SourceTitle "playchess.com"]
[Source "ChessBase"]
[SourceQuality "1"]
[WhiteTeam "SC Leinfelden I"]
[BlackTeam "SV Bergwinkel I"]
[TimeControl "2700+15"]

1. e4 c6 2. d4 d5 3. Nc3 dxe4 4. Nxe4 Nf6 5. Nxf6+ gxf6 6. Nf3 Bf5 7. Bd3 Bg6 8. Bf4 e6 9. c3 Bd6 10. Bxd6 Qxd6 11. Bxg6 hxg6 12. Qb3 b6 13. g3 Qd5 14. Qxd5 exd5 1/2-1/2

[Event "DSOL 2022"]
[Site "Germany"]
[Date "2022.04.07"]
[Round "7.2"]
[White "Leonard, Timo"]
[Black "Jelica, Mara"]
[Result "1/2-1/2"]
[WhiteElo "1450"]
[BlackElo "1583"]
[Annotator "NA RC"]
[PlyCount "70"]
[EventDate "2022.01.31"]
[EventType "team-tourn"]
[EventCountry "GER"]
[SourceTitle "playchess.com"]
[Source "ChessBase"]
[SourceQuality "1"]
[TimeControl "2700+15"]

1. d4 Nf6 2. c4 g6 3. Nc3 Bg7 4. e4 d6 5. Nf3 O-O 6. Be2 e5 7. Be3 Nc6 8. d5 Ne7 9. Nd2 a5 10. f3 c5 11. g4 Bd7 12. Nf1 Qb6 13. Qd2 a4 14. h4 h5 15. Ng3 hxg4 16. h5 gxh5 17. Nxh5 Nxh5 18. Rxh5 a3 19. b3 g3 20. Bh6 Ng6 21. Qg5 Qd8 22. Qxg3 Bxh6 23. Rxh6 Kg7 24. Rh1 Rh8 25. O-O-O Qf6 26. Rdg1 Rxh1 27. Rxh1 Qf4+ 28. Qxf4 exf4 29. Kd2 Ne5 30. Ke1 Kf6 31. Rh6+ Ke7 32. Kf2 Rg8 33. Nb1 Ra8 34. Rh4 Ng6 35. Rh7 Ne5 1/2-1/2

[Event "DSOL 2022"]
[Site "Germany"]
[Date "2022.04.04"]
[Round "7.3"]
[White "Lenz, Jonas"]
[Black "Zwanzger, Johannes"]
[Result "1/2-1/2"]
[WhiteElo "1842"]
[BlackElo "1750"]
[Annotator "TA"]
[PlyCount "143"]
[EventDate "2022.01.31"]
[EventType "team-tourn"]
[EventCountry "GER"]
[SourceTitle "playchess.com"]
[Source "ChessBase"]
[SourceQuality "1"]
[WhiteTeam "SK Bad Homburg I"]
[BlackTeam "Bayern München I"]

{[%evp 9,143,2,8,-10,-2,-3,35,17,18,22,10,-29,-20,-81,-58,-123,-62,-157,-135,-109,-128,-120,-71,-114,-55,-54,-37,-37,-31,-98,0,0,-7,-31,-31,-56,-29,-21,-22,-27,-24,-33,-33,-60,-28,-54,-33,-21,-10,-21,-31,-83,-91,-88,-91,-83,-80,-87,0,0,0,0,0,0,0,-62,-62,-62,-63,-70,-72,-78,-79,-84,0,0,0,0,0,0,0,0,0,0,0,0,0,0,0,0,0,0,0,0,0,0,0,0,0,0,0,0,0,0,0,0,0,0,0,0,0,0,0,0,0,-28000,-28000,-28000,-28000,-28000,-28000,-28000,-28000,-28000,-28000,-28000,-28000,-28000,-28000,-28000,-28000,-28000,-28000,-28000,-28000,-28000]} 1. d4 d5 2. c4 c6 3. Nf3 Nf6 4. Nbd2 Bf5 5. Nh4 Be4 6. f3 {D11: Slav Defence: 3 Nf3 sidelines and 3...Nf6 4 e3 Bg4.} Bg6 7. Qb3 Qc8 {[#]} 8. Nxg6 $146 {White is slightly better.} (8. cxd5 {is more complex.} cxd5 9. e4 e6 10. Nxg6 hxg6 11. e5) ({Predecessor:} 8. g3 e6 9. e3 Be7 10. Nxg6 hxg6 11. Be2 Nbd7 12. cxd5 exd5 13. Nb1 Nb6 14. Nc3 {½-½ (75) Anton Guijarro,D (2703)-Salgado Lopez,I (2584) chess24.com INT 2020}) 8... hxg6 9. e4 dxe4 10. fxe4 {Threatens to win with e5.} e5 $1 11. Nf3 (11. dxe5 $11 {keeps the balance.} Ng4 12. e6) 11... exd4 $17 12. e5 (12. c5 $15 Bxc5 13. Bc4) 12... Ng4 (12... Ne4 $17 {Strongly threatening ...Na6.} 13. Nxd4 Na6) 13. Bf4 (13. c5 $1 $15) 13... Bc5 14. Bd3 Na6 15. O-O {[%cal Oe5e6]} Ne3 ({Black should try} 15... O-O $1 16. Rab1 Bb6) 16. Rfe1 {[%cal Oe5e6]} O-O ({Don't do} 16... Nxg2 17. Kxg2 Qh3+ 18. Kf2 $16) (16... Bb6 $17 {White must now prevent ...Qg4.} 17. Bxe3 dxe3) 17. a3 $15 {[%cal Oe5e6]} Bb6 {Hoping for ...Nc5.} 18. Bxe3 Nc5 19. Qd1 (19. Qc2 $1 $15 dxe3 20. b4) 19... Nxd3 (19... dxe3 $17 20. Kh1 a5 21. Rxe3 a4) 20. Qxd3 $11 dxe3 21. b4 Rd8 22. Qe4 Qf5 (22... c5 $5 {[%cal Rc8f5]}) 23. Qxf5 gxf5 24. c5 Bc7 25. Rxe3 a5 $36 {[%mdl 2048] ...axb4 is the strong threat. Black is pushing.} 26. Ree1 Rd5 27. Rab1 axb4 28. axb4 Kf8 29. e6 fxe6 (29... Bd8 {looks sharper.} 30. exf7 Bf6 31. Rbd1 Rad8) 30. Ng5 (30. Rxe6 $15 Ra4 31. Kf2) 30... Be5 $17 31. Nxe6+ Kf7 32. Ng5+ Kf6 33. Nf3 {[#]} Ra2 ({Black should play} 33... Bc3 $1 $17 {[%cal Rc3e1]} 34. Rec1 Ra3) 34. Nxe5 $11 Rxe5 35. Rxe5 Kxe5 {[%mdl 4096] Endgame KR-KR} 36. Re1+ Kf6 37. Rb1 {Inhibits Rb2.} ({Better is} 37. Rd1 $1 $11) 37... g5 $15 38. h3 f4 39. Kf1 Kf5 40. Rb3 Ke4 41. Rb1 {[#]} Kd4 (41... Ra4 $1 $17) 42. Rd1+ $1 $11 Kc4 43. Rd7 $1 Kxb4 44. Rxb7+ Kxc5 45. Rg7 Kd4 46. Rxg5 c5 47. Rf5 c4 48. Rxf4+ Kc5 49. Rf8 c3 50. Rc8+ Kd4 51. Rd8+ Ke3 52. Re8+ Kd3 53. Rd8+ $1 Kc4 ({Reject} 53... Ke3 $6 54. Re8+ Kd3 55. Rd8+ Kc2 56. g4 $17) 54. Rc8+ Kb3 {And now ...c2 would win.} 55. Rb8+ Ka3 56. Ra8+ Kb2 57. Rb8+ Ka1 58. Ke1 $1 ({Much weaker is} 58. Rc8 c2 59. h4 Kb1 $17) 58... Rb2 (58... Rxg2 $5 59. Kd1 Rd2+ 60. Kc1 Ka2 $11) 59. Rc8 c2 {aiming for ...Kb1.} 60. Kd2 Kb1 61. Ke3 c1=Q+ $4 {[%mdl 8192]} (61... Kc1 $11) 62. Rxc1+ Kxc1 {KR-KPP. Mate.} 63. g4 Rb3+ 64. Kf4 Rxh3 {KR-KP} 65. g5 Kd2 66. g6 Rh1 67. Kf5 Ke3 68. g7 Rg1 69. Kf6 Kf4 70. Kf7 Kf5 71. g8=Q Rxg8 72. Kxg8 {[%mdl 32768] Weighted Error Value: White=0.13 (very precise) /Black=0.13 (very precise) . An unexpected result.} 1/2-1/2

[Event "DSOL 2022"]
[Site "Germany"]
[Date "2022.04.07"]
[Round "7.3"]
[White "Jagodzinsky, Andreas"]
[Black "Valkova, Anzhelika"]
[Result "1-0"]
[WhiteElo "1804"]
[BlackElo "1590"]
[Annotator "NA RC"]
[PlyCount "101"]
[EventDate "2022.01.31"]
[EventType "team-tourn"]
[EventCountry "GER"]
[SourceTitle "playchess.com"]
[Source "ChessBase"]
[SourceQuality "1"]
[WhiteTeam "SV Hemer"]
[BlackTeam "SF Deizisau II"]
[TimeControl "2700+15"]

1. d4 d5 2. c4 e6 3. Nc3 Nf6 4. cxd5 exd5 5. Bg5 Be7 6. e3 c6 7. Bd3 O-O 8. h3 Nbd7 9. Qc2 Re8 10. Nf3 Nf8 11. Ne5 Ne4 12. Bf4 f6 13. Nf3 Bf5 14. Nd2 Bb4 15. Bxe4 Bxe4 16. Ncxe4 Rxe4 17. O-O-O Bxd2+ 18. Qxd2 a5 19. g4 a4 20. h4 Ra5 21. Kb1 Rb5 22. g5 f5 23. h5 Nd7 24. Ka1 Nb6 25. Rb1 Nc4 26. Qc2 Qa5 27. f3 Nd2 28. Rbf1 Nb3+ 29. Kb1 Nd2+ 30. Ka1 Re8 31. g6 Nxf1 32. Rxf1 h6 33. Qxf5 Rf8 34. Qe6+ Kh8 35. Bxh6 Qc7 36. Bf4 Qc8 37. Qd6 Qd8 38. Qe5 Qf6 39. h6 Kg8 40. hxg7 Kxg7 41. Qc7+ Kxg6 42. Rg1+ Kf5 43. Rg5+ Qxg5 44. Qe5+ Kg6 45. Qxg5+ Kf7 46. a3 Rb3 47. Qf5+ Ke8 48. Qe6+ Kd8 49. Qd6+ Ke8 50. Bg5 Rf7 51. Qd8# 1-0

[Event "DSOL 2022"]
[Site "Germany"]
[Date "2022.04.07"]
[Round "7.3"]
[White "Rolf, Marco"]
[Black "Radgen, Samuel"]
[Result "1-0"]
[WhiteElo "1745"]
[BlackElo "1620"]
[Annotator "NA RC"]
[PlyCount "85"]
[EventDate "2022.01.31"]
[EventType "team-tourn"]
[EventCountry "GER"]
[SourceTitle "playchess.com"]
[Source "ChessBase"]
[SourceQuality "1"]
[WhiteTeam "TV Fischbek"]
[BlackTeam "MSA Zugzwang"]
[TimeControl "2700+15"]

1. d4 Nf6 2. c4 g6 3. Nc3 Bg7 4. Nf3 O-O 5. g3 d6 6. Bg2 Nbd7 7. O-O e5 8. h3 exd4 9. Nxd4 Ne5 10. b3 c6 11. Bb2 d5 12. cxd5 Nxd5 13. Nxd5 cxd5 14. Rc1 Bd7 15. Qd2 Rc8 16. Kh2 Kh8 17. Rxc8 Qxc8 18. Rc1 Qd8 19. Rc5 Be6 20. a4 Nd7 21. Rc1 Qb6 22. e3 a6 23. Ba3 Re8 24. a5 Qd8 25. Bd6 Nf6 26. Qb4 Bf8 27. Bxf8 Rxf8 28. Qxb7 Qxa5 29. Nxe6 fxe6 30. Rc8 Kg8 31. Qc6 Rxc8 32. Qxe6+ Kg7 33. Qxc8 Qe1 34. Qc7+ Kg8 35. Qd8+ Kf7 36. Bxd5+ Nxd5 37. Qxd5+ Kg7 38. Kg2 Qb4 39. e4 a5 40. h4 a4 41. Qd7+ Kf6 42. Qxa4 Qb7 43. Qd4+ 1-0